[Event "Ron Banwell Masters"]
[Site "London ENG"]
[Date "2001.08.27"]
[Round "10"]
[White "Ravi,L"]
[Black "Kirsanov,O"]
[Result "1-0"]
[WhiteElo "2389"]
[BlackElo "2365"]

1.d4 d5 2.c4 c6 3.Nc3 Nf6 4.Nf3 e6 5.e3 Nbd7 6.Bd3 Bd6 7.O-O O-O 8.Qc2 Re8
9.e4 dxe4 10.Nxe4 Nxe4 11.Bxe4 h6 12.c5 Bc7 13.Rd1 Nf6 14.Bd3 Qd5 15.Bd2 Qh5
16.Re1 e5 17.Nxe5 Bxe5 18.dxe5 Rxe5 19.Rxe5 Qxe5 20.Re1 Qh5 21.Bc3 Be6 22.Re5 Qg4
23.Be2  1-0

[Event "Schwarzach Open A"]
[Site "Salzburg AUT"]
[Date "2001.08.27"]
[Round "3"]
[White "Riedel,W"]
[Black "Balinov,I"]
[Result "0-1"]
[WhiteElo "2337"]
[BlackElo "2425"]

1.d4 Nf6 2.c4 e6 3.Nf3 d5 4.Nc3 c6 5.e3 Nbd7 6.Qc2 Bd6 7.Bd2 O-O 8.O-O-O c5
9.cxd5 exd5 10.Nb5 Be7 11.dxc5 Nxc5 12.Bc3 Nfe4 13.Bd4 Bf5 14.g4 Bg6 15.Ne5 Rc8
16.Nxa7 Nb3+ 17.axb3 Rxc2+ 18.Kxc2 Nxf2+ 19.Nxg6 fxg6 20.Bd3 Nxh1 21.Rxh1 Rf2+
22.Kb1 Rd2 23.Rc1 Rxd3 24.Rc8 Rd2 25.Be5 Qxc8 26.Nxc8 Bf6 27.Kc1 Rd3 28.Bf4 Rxb3
29.g5 Bxb2+ 30.Kb1 Ba3+ 31.Ka2 Rd3 32.Nb6  0-1

[Event "ADCF Masters"]
[Site "Abu Dhabi UAE"]
[Date "2001.08.28"]
[Round "4"]
[White "Khalid AlShaali"]
[Black "Ibrahim,I"]
[Result "1-0"]
[WhiteElo "2187"]
[BlackElo "2136"]

1.d4 d5 2.c4 e6 3.Nc3 c6 4.e3 Nf6 5.Nf3 Nbd7 6.cxd5 exd5 7.Bd3 Bd6 8.O-O O-O
9.b3 Re8 10.Bb2 Ne4 11.Qc2 Ndf6 12.Ne5 Nxc3 13.Bxc3 Qc7 14.Bb2 h6 15.Rae1 Ng4
16.f4 Bb4 17.Re2 Nf6 18.a3 Bd6 19.b4 Ne4 20.Bxe4 dxe4 21.Qxe4 Bg4 22.Ref2 f6
23.Qg6 Be6 24.f5 Bd5 25.Ng4 Kh8 26.Nxf6 gxf6 27.Qxf6+ Kg8 28.Qg6+ Kh8 29.Qxh6+ Kg8
30.f6  1-0

[Event "WJun"]
[Site "Athens GRE"]
[Date "2001.08.28"]
[Round "12"]
[White "Alvarez,Joh"]
[Black "Bakre,T"]
[Result "0-1"]
[WhiteElo "2382"]
[BlackElo "2462"]

1.d4 d5 2.c4 c6 3.Nf3 Nf6 4.e3 e6 5.Nc3 Nbd7 6.Qc2 Bd6 7.Be2 O-O 8.O-O dxc4
9.Bxc4 a6 10.a3 c5 11.Rd1 Qc7 12.Ba2 b5 13.d5 c4 14.dxe6 fxe6 15.Qd2 Be7
16.b4 cxb3 17.Bxb3 Nc5 18.Bc2 Bb7 19.Bb2 Ng4 20.e4 Bh4 21.h3 Bxf2+ 22.Kf1 Be3
23.Qd6 Qxd6 24.Rxd6 Bf4  0-1

[Event "WJun"]
[Site "Athens GRE"]
[Date "2001.08.28"]
[Round "12"]
[White "Simutowe,A"]
[Black "Hersvik,D"]
[Result "1-0"]
[WhiteElo "2462"]
[BlackElo "2241"]

1.d4 d5 2.c4 c6 3.Nc3 Nf6 4.e3 e6 5.Nf3 Bd6 6.Qc2 Nbd7 7.Be2 O-O 8.O-O dxc4
9.Bxc4 e5 10.Rd1 Qc7 11.h3 a6 12.b3 exd4 13.Nxd4 Re8 14.a4 Nc5 15.Bb2 Nce4
16.Nxe4 Nxe4 17.Rac1 Qe7 18.Bd3 Bc7 19.Ba3 Qxa3 20.Bxe4 g6 21.Bxc6 bxc6 22.Qxc6 Bxh3
23.gxh3 Be5 24.Qc5 Qxc5 25.Rxc5 Bxd4 26.Rxd4 Re6 27.h4 Rb8 28.b4 Kg7 29.h5 Reb6
30.hxg6 hxg6 31.Rcc4 R8b7 32.Kf1 g5 33.Ke2 Rf6 34.Rc5 Kg6 35.Rg4 Rf5 36.Rc6+ Rf6
37.Rc8 Rd6 38.Rg8+ Kf6 39.R8xg5 Rxb4 40.Rxb4 Kxg5 41.f4+ Kg4 42.Rb7 Rf6 43.Ra7 Kg3
44.Ra8 Rb6 45.Rg8+ Kh4 46.Rg7 f6 47.Kf3 Kh5 48.Ra7 Kg6 49.Kg4 Rc6 50.a5 Rd6
51.e4 Rc6 52.f5+ Kh6 53.Rf7 Rd6 54.Kf4 Rc6 55.Re7 Rc1 56.Re6 Rf1+ 57.Kg4 Rg1+
58.Kf3 Kg5 59.Rxa6 Ra1 60.e5 fxe5 61.f6 Ra4 62.f7 Rf4+ 63.Ke3 Rxf7 64.Ke4 Rf1
65.Kxe5 Ra1 66.Ra8 Kg6 67.Ke6 Kg7 68.a6 Rd1 69.Ke5 Rd3 70.Ke6 Rd1 71.Rb8 Ra1
72.Rb7+ Kg6 73.a7 Ra2 74.Kd7 Kf6 75.Kc8  1-0

[Event "VI Cup GM"]
[Site "Paks HUN"]
[Date "2001.08.28"]
[Round "11"]
[White "Sundararajan,K"]
[Black "Sammalvuo,T"]
[Result "1-0"]
[WhiteElo "2421"]
[BlackElo "2420"]

1.d4 d5 2.c4 c6 3.Nc3 Nf6 4.e3 e6 5.Nf3 Nbd7 6.Bd3 dxc4 7.Bxc4 b5 8.Bd3 Bb7
9.e4 b4 10.Na4 c5 11.e5 Nd5 12.dxc5 Nxc5 13.Nxc5 Bxc5 14.O-O h6 15.Nd2 O-O
16.Ne4 Bd4 17.Nd6 Bxe5 18.Nxb7 Qb6 19.Qh5 Bf4 20.Nc5 Qxc5 21.Bxf4 Qd4 22.Bd6 Qxd3
23.Bxf8 Rxf8 24.Qe5 Rc8 25.Rac1 Rxc1 26.Rxc1 Qa6 27.h3 Nf6 28.Qb8+ Kh7 29.Qxb4 Qxa2
30.Qa3 Qd5 31.Qxa7 Qd2 32.Qa1 Ne4 33.Rf1 Qd4 34.Qb1 f5 35.Qc2 Kg6 36.Rd1 Qb6
37.Rd7 Kf6 38.b3 g6 39.Qb2+ Kg5 40.b4 h5 41.Qd4 Qb5 42.Rc7 Qb8 43.Rc6 h4
44.Rxe6 Qc8 45.Qe3+ Kh5 46.Rxe4  1-0

[Event "21st Open"]
[Site "Bratto ITA"]
[Date "2001.08.29"]
[Round "8"]
[White "Giretti,K"]
[Black "Astengo,C"]
[Result "1/2-1/2"]
[WhiteElo "2178"]
[BlackElo "2103"]

1.Nf3 Nf6 2.d4 d5 3.c4 c6 4.e3 e6 5.Nc3 Nbd7 6.Qc2 Bd6 7.b3 O-O 8.Bb2 dxc4
9.Bxc4 e5 10.O-O-O Qe7 11.dxe5 Nxe5 12.Rxd6 Qxd6 13.Ne4 Nxe4 14.Bxe5 Qg6
15.Bd3 f5 16.g4 Nf6 17.gxf5 Qh5 18.Nd4 Bd7 19.Rg1 c5 20.Ne2 b5 21.Bd6 Rfc8
22.Be5 Rf8 23.Bd6 Rfc8 24.Be5 Rf8 25.Bd6  1/2-1/2

[Event "EYCC G18"]
[Site "Halkidiki GRE"]
[Date "2001.08.31"]
[Round "1"]
[White "Khusnutdinova,L"]
[Black "Tutulan,M"]
[Result "1-0"]
[WhiteElo "2254"]
[BlackElo "2023"]

1.d4 d5 2.Nf3 c6 3.c4 e6 4.Nc3 Nf6 5.e3 Be7 6.Qc2 O-O 7.b3 Nbd7 8.Bd3 c5
9.O-O cxd4 10.exd4 dxc4 11.bxc4 b6 12.Rd1 Bb7 13.Qe2 Bxf3 14.Qxf3 Bb4 15.Bb2 Qe7
16.a3 Bd6 17.Nb5 Rfe8 18.Rac1 a6 19.Nxd6 Qxd6 20.Qe2 Qc7 21.Bb1 Rac8 22.Rd3 Nf8
23.h3 Ng6 24.Rd2 Qf4 25.g3 Qg5 26.Kh2 h5 27.Qe3 Qa5 28.Re2 Ne7 29.d5 Nf5
30.Qg5 Nh7 31.Qxh5 g6 32.Qg4 Ng7 33.dxe6 Rxe6 34.Rxe6 fxe6 35.Qxg6  1-0

[Event "ADCF Masters"]
[Site "Abu Dhabi UAE"]
[Date "2001.09.01"]
[Round "7"]
[White "Li,G"]
[Black "Lodhi,M"]
[Result "0-1"]
[WhiteElo "2239"]
[BlackElo "2410"]

1.c4 c6 2.d4 d5 3.e3 Nf6 4.Nc3 e6 5.Nf3 Bd6 6.Bd3 O-O 7.O-O Nbd7 8.e4 dxe4
9.Nxe4 Nxe4 10.Bxe4 Nf6 11.Bc2 h6 12.Qd3 Qc7 13.Be3 Rd8 14.Rad1 Qa5 15.c5 Bxc5
16.Ne5 Be7 17.Bxh6 gxh6 18.Qg3+ Kf8 19.Qf4 Ke8 20.Qxh6 Nd7 21.Nxf7 Nf8 22.Ne5 Rd5
23.Rd3 Kd8 24.Qg7 Nd7 25.Ng6 Bd6 26.Qg8+ Kc7 27.f4 Nb6 28.Qg7+ Bd7 29.Ne5 Bxe5
30.fxe5 Qb4 31.Rfd1 Qxb2 32.Bb3 Qe2 33.Rf3 Rxd4 34.Rxd4 Qe1+ 35.Rf1 Qe3+
36.Kh1 Qxd4 37.Rd1 Qh4 38.Bxe6 Rh8 39.h3 Rh7 40.Qg8 Bxe6 41.Qxe6 Qe7 42.Qf5 Rf7
43.Qe4 Qe6 44.Rd6 Rf1+ 45.Kh2 Qf5 46.Rd4 Qxe4 47.Rxe4 Kd7 48.h4 Ke6 49.g4 Nd5
50.h5 Rf4 51.h6 Rf8 52.Kg3 Rh8 53.g5 Kf5 54.Rg4 Kg6 55.e6 Re8  0-1

[Event "ADCF Masters"]
[Site "Abu Dhabi UAE"]
[Date "2001.09.01"]
[Round "7"]
[White "Khalid AlShaali"]
[Black "El Arousy,A"]
[Result "1-0"]
[WhiteElo "2187"]
[BlackElo "2332"]

1.d4 Nf6 2.Nf3 e6 3.c4 d5 4.Nc3 c6 5.e3 Nbd7 6.Qc2 Bd6 7.b3 O-O 8.Bb2 Qe7
9.Bd3 dxc4 10.bxc4 e5 11.O-O Re8 12.Ng5 Nf8 13.Nge4 Nxe4 14.Nxe4 Bc7 15.d5 Rd8
16.Rac1 c5 17.Ng3 Qh4 18.Bf5 Nd7 19.Qe4 Qxe4 20.Nxe4 Nb6 21.Bxc8 Raxc8 22.Nxc5 Bb8
23.Nxb7 Rd7 24.Na5 Rc5 25.Nc6 Bd6 26.Bxe5 Rxc4 27.Bxd6 Rxd6 28.Rxc4 Nxc4
29.Rc1 Nb6 30.e4 Kf8 31.Nxa7 f5 32.Nc8 Nxc8 33.Rxc8+ Kf7 34.Rc7+ Kf6 35.Rc6  1-0

[Event "ADCF Masters"]
[Site "Abu Dhabi UAE"]
[Date "2001.09.02"]
[Round "8"]
[White "Volzhin,A"]
[Black "Sharif,Me"]
[Result "1-0"]
[WhiteElo "2524"]
[BlackElo "2474"]

1.d4 d5 2.c4 c6 3.Nc3 Nf6 4.e3 e6 5.Nf3 Nbd7 6.Bd3 dxc4 7.Bxc4 b5 8.Bd3 b4
9.Ne4 Be7 10.O-O Bb7 11.Nxf6+ Nxf6 12.e4 O-O 13.e5 Nd7 14.Be4 Rb8 15.a3 bxa3
16.b4 f5 17.Bd3 Nb6 18.Bd2 Nd5 19.Bc4 Qb6 20.Qa4 Bc8 21.Rfb1 a5 22.Qxa5 Qxa5
23.bxa5 Ra8 24.Ne1 Ba6 25.Bxa6 Rxa6 26.Nd3 Rd8 27.Rb7 Kf8 28.Rxe7 Kxe7 29.Bg5+ Nf6
30.Nb4  1-0

[Event "EYCC B16"]
[Site "Halkidiki GRE"]
[Date "2001.09.02"]
[Round "3"]
[White "Grachev,B"]
[Black "Chapar,S"]
[Result "1-0"]
[WhiteElo "2407"]
[BlackElo "2253"]

1.d4 d5 2.c4 e6 3.Nc3 c6 4.e3 Nf6 5.Nf3 Nbd7 6.Qc2 Bd6 7.b3 O-O 8.Bb2 Qe7
9.Bd3 Re8 10.O-O-O dxc4 11.bxc4 Ba3 12.g4 Bxb2+ 13.Kxb2 Nf8 14.Rhg1 Rb8 15.Ka1 c5
16.d5 exd5 17.g5 dxc4 18.gxf6 Qxf6 19.Be2 Re6 20.e4 Ng6 21.e5 Nxe5 22.Ng5 Rd6
23.Rxd6 Qxd6 24.Qxh7+ Kf8 25.Rd1 Qh6 26.Rd8+ Ke7 27.Qg8 Bf5 28.Nd5+  1-0

[Event "TCh-YUG"]
[Site "Herceg Novi YUG"]
[Date "2001.09.04"]
[Round "2"]
[White "Abramovic,B"]
[Black "Ivanisevic,I"]
[Result "1/2-1/2"]
[WhiteElo "2502"]
[BlackElo "2550"]

1.d4 d5 2.c4 e6 3.Nf3 Nf6 4.Nc3 c6 5.e3 Nbd7 6.Bd3 dxc4 7.Bxc4 b5 8.Bd3 a6
9.O-O c5 10.a4 b4 11.Nb1 Bb7 12.Nbd2 cxd4 13.exd4 Be7 14.Qe2 O-O 15.Nc4 Bd5
16.a5 Qc7 17.Nfe5 Qb7 18.f3 Nxe5 19.Nxe5 Rfd8 20.Be3 Nd7 21.Rfc1 b3 22.Bf2 Bg5
23.Rc3 Bf4 24.Bg3 Nxe5 25.dxe5 Bxg3 26.hxg3 Rac8 27.Rac1 Rxc3 28.Rxc3 Qb4
29.Bxa6 Qxa5 30.Bd3 h6 31.Kh2 Qb6 32.Be4  1/2-1/2

[Event "3rd Open"]
[Site "Glyfada GRE"]
[Date "2001.09.06"]
[Round "7"]
[White "Moutousis,K"]
[Black "Gikas,B"]
[Result "0-1"]
[WhiteElo "2448"]
[BlackElo "2247"]

1.d4 d5 2.c4 c6 3.Nf3 Nf6 4.Nc3 e6 5.e3 Nbd7 6.Bd3 dxc4 7.Bxc4 b5 8.Bd3 a6
9.e4 c5 10.d5 Qc7 11.Qe2 Bb7 12.O-O O-O-O 13.dxe6 fxe6 14.h3 Ne5 15.Nxe5 Qxe5
16.Be3 c4 17.Bc2 Bc5 18.Rad1 Nd7 19.Kh1 Bxe3 20.Qxe3 g5 21.b4 Qf4 22.Qa7 g4
23.hxg4 Qxg4 24.f3 Qh4+ 25.Kg1 Rhg8 26.Rf2 Qf4 27.a4 Ne5 28.Rxd8+ Rxd8 29.axb5 Qc1+
30.Kh2 Qh6+ 31.Kg1 Qc1+ 32.Rf1 Nxf3+ 33.gxf3 Qxc2 34.Qc5+ Kb8 35.Qe5+ Ka8
36.Qxe6 Qxc3 37.bxa6 Qd4+ 38.Kh1 Bc8 39.Qc6+ Kb8 40.b5 Rd6  0-1

[Event "EYCC B18"]
[Site "Halkidiki GRE"]
[Date "2001.09.06"]
[Round "6"]
[White "Zawadzki,S"]
[Black "Mastrovasilis,D"]
[Result "0-1"]
[WhiteElo "2311"]
[BlackElo "2435"]

1.d4 d5 2.c4 c6 3.Nf3 Nf6 4.Nc3 e6 5.e3 Nbd7 6.Bd3 dxc4 7.Bxc4 b5 8.Bd3 b4
9.Ne2 Bb7 10.O-O Bd6 11.Bd2 O-O 12.Ng3 Qb6 13.Qe2 c5 14.dxc5 Nxc5 15.Bc4 Rac8
16.Rac1 Nfe4 17.Nxe4 Nxe4 18.Rfd1 Nxd2 19.Nxd2 Be5 20.Bd3 Rxc1 21.Rxc1 Bxb2
22.Rc4 g6 23.Ne4 Bg7 24.Nc5 Ba8 25.f3 Rd8 26.Na4 Qd6 27.Nc5 a5 28.Be4 Bxe4
29.Nxe4 Qb6 30.Nc5 Rd5 31.Na4 Qd8 32.Rc1 Be5 33.f4 Bf6 34.Rc2 Rd1+ 35.Kf2 Rh1
36.Nc5 Qd5 37.Kg3 Bc3 38.Nd3 h5 39.h3 Bf6 40.Rc5 h4+ 41.Kf2 Qd8 42.Qc2 Bc3
43.Rb5 Ra1 44.Rc5 Qa8 45.Rb5 Qa6 46.Rc5 a4 47.Rc7 a3 48.Rc5 Rxa2 49.Qxa2 Qxd3
50.Rc8+ Kg7 51.Rc7 Qd1  0-1

[Event "5th Pablo Gorbea Mem Open"]
[Site "Madrid ESP"]
[Date "2001.09.06"]
[Round "1"]
[White "Martinez Rubio,F"]
[Black "Korneev,O"]
[Result "0-1"]
[WhiteElo "2014"]
[BlackElo "2572"]

1.d4 d5 2.c4 e6 3.Nf3 Nf6 4.Nc3 c6 5.e3 Nbd7 6.Bd3 dxc4 7.Bxc4 b5 8.Bd3 a6
9.Bd2 c5 10.b3 Bb7 11.O-O Be7 12.Re1 O-O 13.Rc1 Rc8 14.e4 cxd4 15.Nxd4 Ne5
16.Be3 Nxd3 17.Qxd3 e5 18.Nd5 Rxc1 19.Nxe7+ Qxe7 20.Rxc1 exd4 21.Qxd4 Qxe4
22.f3 Qxd4 23.Bxd4 Rc8 24.Re1 Nd5 25.a3 f6 26.b4 Kf7 27.Bc5 Re8 28.Rd1 g5
29.Kf2 h5 30.g3 g4 31.f4 Kg6 32.Rd3 Re4 33.Be3 h4 34.Kf1 h3 35.Kf2 Ne7 36.Bc5 Nf5
37.Rd7 Bc6 38.Rd8 Rc4 39.Rg8+ Kf7 40.Rc8 Rc2+ 41.Ke1 Bf3  0-1

[Event "TCh-YUG"]
[Site "Herceg Novi YUG"]
[Date "2001.09.07"]
[Round "5"]
[White "Abramovic,B"]
[Black "Kosic,D"]
[Result "1/2-1/2"]
[WhiteElo "2502"]
[BlackElo "2508"]

1.d4 d5 2.c4 c6 3.Nc3 Nf6 4.e3 e6 5.Nf3 Nbd7 6.Bd3 dxc4 7.Bxc4 b5 8.Bd3 b4
9.Ne4 Nxe4 10.Bxe4 Bb7 11.O-O Qb6 12.a3 a5 13.Bd2 Nf6 14.Bd3 Be7 15.axb4 axb4
16.Rxa8+ Bxa8 17.Qc2 O-O 18.Rc1 Rc8 19.e4 b3 20.Qd1 c5 21.e5 Nd7 22.Be3 Bd5
23.dxc5 Nxc5 24.Ng5 Bxg5 25.Bxg5 Qb7  1/2-1/2

[Event "ch-UKR"]
[Site "Ordzhonikidze UKR"]
[Date "2001.09.11"]
[Round "4"]
[White "Ovsejevitsch,S"]
[Black "Miroshnichenko,E"]
[Result "1-0"]
[WhiteElo "2529"]
[BlackElo "2539"]

1.d4 d5 2.c4 c6 3.Nf3 Nf6 4.Nc3 e6 5.e3 Nbd7 6.Qc2 Bd6 7.Bd3 dxc4 8.Bxc4 O-O
9.O-O b5 10.Be2 Bb7 11.Rd1 Qb8 12.h3 e5 13.Ng5 h6 14.Nge4 Be7 15.a3 a5 16.Bd2 b4
17.Nxf6+ Nxf6 18.Na4 exd4 19.exd4 Rd8 20.Nb6 Ra7 21.axb4 axb4 22.Bf4 Qxf4
23.Rxa7 Qc7 24.Ba6 Qxb6 25.Rxb7 Qxa6 26.Rxe7 Nd5 27.Re4 g6 28.Rc1  1-0

[Event "TCh-CRO Jun"]
[Site "Pula CRO"]
[Date "2001.09.11"]
[Round "2"]
[White "Brkic,A"]
[Black "Doric,D"]
[Result "1/2-1/2"]
[WhiteElo "2331"]
[BlackElo "2270"]

1.d4 d5 2.c4 e6 3.Nc3 c6 4.Nf3 Nf6 5.e3 Nbd7 6.Bd3 dxc4 7.Bxc4 b5 8.Bd3 Bb7
9.O-O a6 10.e4 c5 11.d5 Qc7 12.Qe2 c4 13.Bc2 Bd6 14.dxe6 fxe6 15.Re1 O-O
16.e5 Bxf3 17.exd6 Bxe2 18.dxc7 Bg4 19.Bf4 e5 20.Bxe5 Nxe5 21.Rxe5 Ra7 22.f3 Bc8
23.Rc5 Nd7 24.Rc6 Rf6 25.Rxf6 Nxf6 26.Kf2 Rxc7 27.Rd1 Be6 28.Rd6 Kf7 29.Rxa6 b4
30.Nb5 Rd7 31.Ra7 Rxa7 32.Nxa7 c3 33.bxc3 bxc3 34.a3 Bd7 35.Ke2 Ke7 36.Kd3 Kd6
37.Kxc3 Kc5 38.a4 Kb6 39.Nb5 Bxb5 40.axb5 Kxb5 41.Kd4 Kc6 42.Ke5 Kd7 43.Kf5 Ke7
44.Kg5 Kf7 45.Bb3+ Ke7 46.g3 Kf8 47.h4 Nd7 48.f4 Nf6 49.Bc2 Kf7 50.Bb3+ Kf8
51.h5 Ne4+ 52.Kh4 h6 53.g4 g5+ 54.hxg6 Kg7 55.Bc2 Nf6 56.Bf5 Ng8  1/2-1/2

[Event "5th Pablo Gorbea Mem Open"]
[Site "Madrid ESP"]
[Date "2001.09.14"]
[Round "8"]
[White "Suba,M"]
[Black "Korneev,O"]
[Result "0-1"]
[WhiteElo "2538"]
[BlackElo "2572"]

1.d4 d5 2.c4 e6 3.Nf3 Nf6 4.Nc3 c6 5.e3 Nbd7 6.Qc2 Bd6 7.Be2 O-O 8.O-O dxc4
9.Bxc4 b5 10.Bd3 Bb7 11.Bd2 Rc8 12.Ng5 h6 13.Nge4 Be7 14.Nxf6+ Nxf6 15.Ne4 c5
16.Nxf6+ gxf6 17.Qd1 f5 18.Be2 Kh7 19.Rc1 cxd4 20.Rxc8 Bxc8 21.Bf3 e5 22.Qb3 e4
23.Bh5 Be6 24.Qxb5 d3 25.Rc1 Qb8 26.Qxb8 Rxb8 27.b3 Bb4 28.Bxb4 Rxb4 29.Rc5 Rb6
30.Kf1 Ra6 31.Ke1 Rxa2 32.Bd1 a6 33.h3 Kg7 34.Rc6 Kf8 35.Rd6 Ke7 36.Rd4 Kf6
37.b4 Rb2 38.g4 Ke5 39.f4+ Kf6 40.Rd6 Ke7 41.gxf5 Bxf5 42.Rxa6 Bxh3  0-1

[Event "TCh-CRO"]
[Site "Pula CRO"]
[Date "2001.09.14"]
[Round "5"]
[White "Pinter,J"]
[Black "Morovic Fernandez,I"]
[Result "1/2-1/2"]
[WhiteElo "2550"]
[BlackElo "2565"]

1.d4 d5 2.c4 c6 3.Nc3 Nf6 4.e3 e6 5.Nf3 Nbd7 6.Bd3 dxc4 7.Bxc4 b5 8.Bd3 Bd6
9.O-O O-O 10.Bd2 Bb7 11.Rc1 Rc8 12.a3 a5 13.Qe2 b4  1/2-1/2

[Event "TCh-CRO"]
[Site "Pula CRO"]
[Date "2001.09.16"]
[Round "7"]
[White "Shariyazdanov,A"]
[Black "Morovic Fernandez,I"]
[Result "1-0"]
[WhiteElo "2582"]
[BlackElo "2565"]

1.d4 d5 2.c4 c6 3.Nc3 Nf6 4.e3 e6 5.Nf3 Nbd7 6.Qc2 Bd6 7.Bd3 O-O 8.O-O dxc4
9.Bxc4 a6 10.a4 c5 11.dxc5 Bxc5 12.e4 Qc7 13.Bg5 Ng4 14.Qe2 Bd6 15.h3 Nge5
16.Nxe5 Nxe5 17.Ba2 Nc6 18.Rac1 Bd7 19.Rfd1 h6 20.Be3 Bb4 21.Qg4 Kh8 22.Bf4 Qd8
23.e5 Qe7 24.Ne4 Rfd8 25.Rd3 Qf8 26.Nf6 gxf6 27.Qh4 Kh7 28.exf6 Ne7 29.fxe7 Bxe7
30.Qh5 Be8 31.Rg3 f5 32.Qe2 Bd6 33.Be5 Bxe5 34.Qxe5 Rac8  1-0

[Event "6th ECCW"]
[Site "Belgrade YUG"]
[Date "2001.09.17"]
[Round "2"]
[White "Maric,A"]
[Black "Shumiakina,T"]
[Result "1/2-1/2"]
[WhiteElo "2457"]
[BlackElo "2371"]

1.Nf3 d5 2.d4 c6 3.c4 Nf6 4.Nc3 e6 5.e3 Nbd7 6.Qc2 Bd6 7.Bd3 O-O 8.O-O dxc4
9.Bxc4 b5 10.Bd3 Bb7 11.a3 Re8 12.h3 a6 13.Ng5 h6 14.Nge4 Bf8 15.b4 a5 16.Rb1 axb4
17.axb4 Nd5 18.Nc5 Nxc5 19.dxc5 Qh4 20.Nxd5 exd5 21.Bb2 Bc8 22.Bd4 Ra4 23.Qc3 Bd7
24.Bc2 Ra2 25.Ra1 Rea8 26.Qd3 g6 27.Qb3 Rxa1 28.Rxa1 Rxa1+ 29.Bxa1 Bg7 30.Bxg7 Kxg7
31.Qc3+ Qf6 32.Qd4  1/2-1/2

[Event "EUR-ASIA Rapid Match Women"]
[Site "Batumi GEO"]
[Date "2001.09.18"]
[Round "5"]
[White "Hoang Thanh Trang"]
[Black "Ioseliani,N"]
[Result "1-0"]
[WhiteElo "2445"]
[BlackElo "2497"]

1.d4 d5 2.c4 e6 3.Nc3 c6 4.e3 Nf6 5.Nf3 Nbd7 6.Bd3 Bd6 7.O-O O-O 8.e4 dxe4
9.Nxe4 Nxe4 10.Bxe4 Nf6 11.Bc2 c5 12.dxc5 Bxc5 13.Bg5 h6 14.Bh4 Qxd1 15.Rfxd1 b6
16.Ne5 g5 17.Bg3 Bb7 18.Nd7 Nxd7 19.Rxd7 Bc6 20.Rc7 Rfc8 21.Rxc6 Rxc6 22.Be4 Rac8
23.Bxc6 Rxc6 24.Rd1 Be7 25.b3 Bf6 26.Kf1 Kf8 27.Rd7 a5 28.f3 Ke8 29.Rb7 Bd4
30.Bf2 Bxf2 31.Kxf2 Kf8 32.Ke3 Kg7 33.Ke4 Kf6 34.Rd7 a4 35.Kd4 axb3 36.axb3 h5
37.b4 Rc8 38.Rd6 Rb8 39.Rd7 Rc8 40.b5 e5+ 41.Kc3 Rb8 42.Rd6+ Kf5 43.Kb4 g4
44.c5 bxc5+ 45.Kxc5 gxf3 46.gxf3 e4 47.fxe4+ Kxe4 48.Rf6 Rc8+ 49.Kd6 Rc2
50.h4 Rd2+ 51.Kc7 Rc2+ 52.Rc6 Rb2 53.b6 f5 54.b7 Rxb7+ 55.Kxb7 f4 56.Rf6 f3
57.Kc6 Ke3 58.Kd5 f2 59.Ke5 Ke2 60.Rf4  1-0

[Event "EUR-ASIA Rapid Match"]
[Site "Batumi GEO"]
[Date "2001.09.18"]
[Round "8"]
[White "Adianto,U"]
[Black "Gurevich,M"]
[Result "1-0"]
[WhiteElo "2598"]
[BlackElo "2633"]

1.d4 d5 2.c4 c6 3.Nf3 Nf6 4.Nc3 e6 5.e3 Nbd7 6.Qc2 Bd6 7.Bd3 O-O 8.O-O dxc4
9.Bxc4 a6 10.a4 c5 11.Rd1 cxd4 12.exd4 Qc7 13.Qe2 b6 14.Bg5 Bb7 15.d5 exd5
16.Nxd5 Nxd5 17.Bxd5 Bxd5 18.Rxd5 Nc5 19.Rad1 Rfe8 20.Qc2 Bf8 21.Be3 Rac8
22.Ng5 g6 23.b4 Ne6 24.Qxc7 Rxc7 25.Ne4 Be7 26.Bxb6 Rc4 27.Nd6 Bxd6 28.Rxd6 Rxb4
29.a5 Rb5 30.g3 Rc8 31.Rd7 h5 32.h4 g5 33.hxg5 Rxg5 34.R1d5 h4 35.Rxg5+ Nxg5
36.gxh4 Nf3+ 37.Kf1 Nxh4 38.Ra7 Ng6 39.Rxa6 Nf4 40.Be3 Nd5 41.Bd2 Rc2 42.Ke1 Ra2
43.Rd6 Nc7 44.Rc6 Nb5 45.Rc4 Kh7 46.Rb4 Nc7 47.Ke2 Kg6 48.Rc4 Nb5 49.Kd3 f6
50.Rc6 Kf5 51.Rc5+  1-0

[Event "TCh-CRO Women"]
[Site "Pula CRO"]
[Date "2001.09.18"]
[Round "9"]
[White "Macek,V"]
[Black "Bazaj Bockai,S"]
[Result "1/2-1/2"]
[WhiteElo "2237"]
[BlackElo "2154"]

1.d4 d5 2.c4 e6 3.Nf3 Nf6 4.Nc3 c6 5.e3 Bd6 6.Bd3 O-O 7.O-O Nbd7 8.Qe2 dxc4
9.Bxc4 e5 10.h3 Qe7 11.Rd1 exd4 12.exd4 Qxe2 13.Bxe2 Nb6  1/2-1/2

[Event "6th ECCW"]
[Site "Belgrade YUG"]
[Date "2001.09.20"]
[Round "5"]
[White "Zhukova,N"]
[Black "Shumiakina,T"]
[Result "1/2-1/2"]
[WhiteElo "2440"]
[BlackElo "2371"]

1.d4 d5 2.c4 c6 3.Nc3 Nf6 4.e3 e6 5.Nf3 Nbd7 6.Bd3 dxc4 7.Bxc4 b5 8.Be2 Bb7
9.O-O a6 10.e4 c5 11.e5 Nd5 12.a4 b4 13.Ne4 Qc7 14.Re1 h6 15.b3 Be7 16.Bb2 O-O
17.Rc1 Rac8 18.Nfd2 Nf4 19.Bf1 Qb8 20.Nc4 Qa8 21.Qg4 Bxe4 22.Qxf4 Bd5 23.Qg3 cxd4
24.Bxd4 Bc5 25.Bxc5 Rxc5 26.Nd6 Qc6 27.Rxc5 Nxc5 28.Rc1 Ne4 29.Rxc6 Nxg3
30.Rxa6 Nxf1 31.Kxf1 Bxb3 32.a5 Bd5 33.Rb6 b3 34.f3 Ra8 35.a6 g5 36.Ke2 b2
37.Rxb2 Rxa6 38.Ne8 Ra2 39.Rxa2 Bxa2 40.Ke3 f5 41.exf6 Kf7 42.Nd6+ Kxf6 43.Ne4+ Ke5
44.Nf2 h5 45.Ne4 Kf5 46.Ng3+ Kg6 47.Ke4 h4 48.Nf1 Bd5+ 49.Ke5 g4 50.fxg4 Bxg2
51.Ne3 Bh3 52.Kxe6  1/2-1/2

[Event "ECC"]
[Site "Panormo GRE"]
[Date "2001.09.23"]
[Round "1"]
[White "Ftacnik,L"]
[Black "Svetushkin,D"]
[Result "1/2-1/2"]
[WhiteElo "2580"]
[BlackElo "2461"]

1.c4 c6 2.Nc3 d5 3.d4 Nf6 4.e3 e6 5.Nf3 Nbd7 6.Qc2 Bd6 7.Bd3 O-O 8.O-O dxc4
9.Bxc4 a6 10.Rd1 b5 11.Be2 Qc7 12.e4 e5 13.g3 Re8 14.a3 exd4 15.Nxd4 Be5
16.Be3 Bb7 17.Bf3 c5 18.Nde2 c4 19.b3 cxb3 20.Qxb3 Nc5 21.Bxc5 Qxc5 22.Rac1 Bxc3
23.Nxc3 Rac8 24.a4 Nxe4 25.Bxe4 Bxe4 26.Nxe4 Qxc1 27.Rxc1 Rxc1+ 28.Kg2 Rxe4
29.axb5 axb5 30.Qxb5 Rce1  1/2-1/2

[Event "ECC"]
[Site "Panormo GRE"]
[Date "2001.09.24"]
[Round "2"]
[White "Schandorff,L"]
[Black "Zoler,D"]
[Result "1/2-1/2"]
[WhiteElo "2551"]
[BlackElo "2507"]

1.d4 d5 2.c4 c6 3.Nf3 Nf6 4.Nc3 e6 5.e3 Nbd7 6.Bd3 dxc4 7.Bxc4 b5 8.Bd3 b4
9.Ne4 Nxe4 10.Bxe4 Bb7 11.Qc2 Rc8 12.Nd2 Qc7 13.a3 bxa3 14.bxa3 c5 15.dxc5 Nxc5
16.Bxb7 Qxb7 17.O-O Be7 18.Bb2 O-O 19.Bd4 Rfd8 20.Rab1 Qa6 21.Nf3 Qxa3 22.Ra1 Qb3
23.Qxb3 Nxb3 24.Rxa7 Nxd4 25.Rxe7 Nxf3+ 26.gxf3 Rc2 27.Ra7 h6 28.Raa1 g5
29.Rfc1 Rdd2 30.Rxc2 Rxc2 31.Ra7 Kg7 32.Kg2 h5 33.Rb7 Kg6 34.Ra7 f5 35.Ra8 h4
36.h3 Rc6 37.Rg8+ Kf6 38.Rf8+ Kg7 39.Ra8 Rc7 40.Rb8 Kf6 41.Ra8 Rd7  1/2-1/2

[Event "ECC"]
[Site "Panormo GRE"]
[Date "2001.09.25"]
[Round "3"]
[White "Schandorff,L"]
[Black "Luther,T"]
[Result "1/2-1/2"]
[WhiteElo "2551"]
[BlackElo "2604"]

1.d4 d5 2.c4 c6 3.Nf3 Nf6 4.Nc3 e6 5.e3 Nbd7 6.Bd3 dxc4 7.Bxc4 b5 8.Bd3 a6
9.e4 c5 10.d5 c4 11.Bc2 Qc7 12.O-O Bb7 13.dxe6 fxe6 14.Nd4 Nc5 15.Be3 e5
16.Nf3 Rd8 17.Qe2 Nd3 18.Rad1 Bb4 19.Bxd3 cxd3 20.Rxd3 Rxd3 21.Qxd3 Bxc3
22.Qxc3 Qxc3 23.bxc3 Nxe4 24.Rc1 Ke7 25.Nxe5 Rc8 26.Bd4 b4 27.c4 Rd8 28.Nf3 g6
29.Bb6 Rc8 30.Ba5 Kf6 31.Bxb4 Bd5 32.Ne1 Rxc4 33.Rxc4 Bxc4 34.f3 Ng5 35.a3 Ne6
36.Bc3+ Kf7 37.Kf2 h5 38.Ke3 Bf1 39.g3 Nc7 40.Be5 Nb5 41.Bb2 Nd6 42.Kd4 Ke6
43.Bc1 Be2 44.Kc5 Kd7 45.Kd5 Nf7 46.Bf4 Bd1 47.h4 a5 48.Bd2 a4 49.Bb4 Nd8
50.Bc5 Nc6 51.Bf8 Bb3+ 52.Ke4 Ke6 53.Bg7 Ne7 54.Bb2 Nd5 55.Nd3 Bc2 56.Kd4 Ne7
57.Nc5+ Kf5 58.Ke3 Bd1 59.Ne4 Nd5+ 60.Kf2 Nb6 61.Nc3 Bb3 62.Ne2 Ba2 63.Nd4+ Ke5
64.Ne2+ Ke6 65.Bc3 Nc4 66.Bb4 Ke5 67.Bf8 Bb3 68.Bg7+ Ke6 69.Bf8 Ke5 70.Nf4 Bc2
71.Ke2 Kf5 72.Nd5 Ke6 73.Nf4+ Kf5 74.Bb4 Ke5 75.Bc5 Kf5 76.Ng2 Ke5 77.Ne1 Bf5
78.Nd3+ Kd5 79.Bf8 Kd4 80.Bg7+ Kd5 81.Nf4+ Kd6 82.Bf8+ Ke5 83.Bc5 Bb1 84.Bb4 Bf5
85.Bc3+ Kd6 86.Nd3 Kd5 87.Nf4+ Kd6 88.Kf2 Kc5 89.Bb4+ Kd4 90.g4 hxg4 91.fxg4 Bxg4
92.Nxg6 Ke4 93.Kg3 Bd1 94.Nf4 Ne3 95.Ne6 Nf5+ 96.Kh3 Ke5 97.Nc5 Kf6 98.Ne4+ Kg6
99.Bd2 Kh5 100.Nf6+ Kg6 101.Bg5 Bf3 102.Nd7 Kh5 103.Nf6+ Kg6 104.Kh2 Bc6
105.Kg1 Ng3 106.Ng4 Kh5 107.Ne5 Bb5 108.Nf3 Nf5 109.Kf2 Bc6 110.Ne5 Bb5 111.Ke1 Nxh4
112.Bxh4 Kxh4 113.Kd2  1/2-1/2

[Event "ECC"]
[Site "Panormo GRE"]
[Date "2001.09.29"]
[Round "7"]
[White "Bogdanovski,V"]
[Black "Hermansson,E"]
[Result "0-1"]
[WhiteElo "2430"]
[BlackElo "2381"]

1.c4 c6 2.Nc3 d5 3.d4 Nf6 4.e3 e6 5.Nf3 Nbd7 6.Qc2 Bd6 7.Bd3 O-O 8.O-O dxc4
9.Bxc4 a6 10.Rd1 Qc7 11.b3 b5 12.Bd3 Bb7 13.Bb2 Rac8 14.Rac1 Qb8 15.Qb1 h6
16.h3 Rfd8 17.Ne4 Nxe4 18.Bxe4 f5 19.Bd3 c5 20.Be2 Be4 21.Qa1 Qb7 22.dxc5 Nxc5
23.b4 Na4 24.Rxc8 Qxc8 25.Bxg7 Bxb4 26.Rc1 Qb7 27.Bxh6 Qf7 28.Ng5 Qg6 29.Nxe4 Qxh6
30.Nf6+ Kf7 31.Rc7+ Be7 32.Nh5 Qh8 33.Qc1 Qb2 34.Qxb2 Nxb2 35.Nf4 Na4 36.Nd3 Rd5
37.f4 Ke8 38.Ra7 Nc3 39.Bh5+ Kd8 40.Ne5 Bc5 41.Rxa6 Bxe3+ 42.Kf1 Bxf4 43.Nc6+ Kd7
44.Bf3 Rd2 45.Nb4 Bg3 46.Ra3 Rf2+ 47.Kg1 Rb2 48.Rb3 Rxb3 49.axb3 Kd6 50.Nc2 Kc5
51.Kf1 f4 52.Bh5 e5 53.Bf7 Bh4 54.b4+ Kb6 55.Be8 e4 56.Nd4 e3 57.Bg6 Be7
58.Ne2 Nxe2 59.Kxe2 Bxb4 60.Kf3 Be7 61.g3 e2 62.Kxe2 fxg3 63.Kf3 Bh4 64.Be4 Kc5
65.Kg4 Kd4 66.Bc6 b4  0-1